<?xml version="1.0" encoding="UTF-8"?>
<marc:record xmlns:marc="http://www.loc.gov/MARC21/slim">
   <marc:leader>00000nam a2200000 a 4500</marc:leader>
   <marc:datafield ind1="1" ind2=" " tag="100">
      <marc:subfield code="a">Lange, Erin Jade</marc:subfield>
      <marc:subfield code="4">aut</marc:subfield>
      <marc:subfield code="e">Verfasser/-in</marc:subfield>
   </marc:datafield>
   <marc:datafield ind1="0" ind2="0" tag="245">
      <marc:subfield code="a">Halbe Helden</marc:subfield>
   </marc:datafield>
   <marc:datafield ind1=" " ind2="1" tag="264">
      <marc:subfield code="b">Magellan GmbH</marc:subfield>
      <marc:subfield code="c">2015</marc:subfield>
   </marc:datafield>
   <marc:datafield ind1="1" ind2=" " tag="520">
      <marc:subfield code="a">So ganz kann Dane sich nicht erklären, wie er da hineingeraten ist: Gerade ging er noch (überwiegend) friedlich und unbescholten in die Schule, jetzt hat er einen Aufpasserjob. Dum nur, dass Billy D., ein neuer Schüler mit Downsyndrom, nicht will, dass man auf ihn aufpasst - viel lieber ist ihm, wenn Dane ihm beibring, wie man sich prügelt, oder wenn er ihm hilft, seinen Dad zu finden...</marc:subfield>
   </marc:datafield>
   <marc:datafield ind1=" " ind2=" " tag="020">
      <marc:subfield code="a">9783734850103</marc:subfield>
      <marc:subfield code="9">9783734850103</marc:subfield>
   </marc:datafield>
</marc:record>
